Ed Sheeran - Eyes Closed (Lyrics) - Statistics

General Stats
  • This quiz has been taken 80 times
  • The average score is 282 of 368
Answer Stats
Answer % Correct
I
98%
my
98%
a
96%
A
96%
closed
96%
eyes
96%
with
95%
dancing
91%
know
91%
you
91%
can
89%
it
89%
And
87%
and
87%
ever
87%
keep
87%
look,
87%
see
87%
so
87%
So
87%
still
87%
Still
87%
the
87%
The
87%
be
85%
Every
85%
is
85%
it's
85%
It's
85%
this
85%
do
84%
everywhere
84%
how
84%
'Cause
80%
I'll
80%
I'm
80%
in
80%
Just
80%
just
80%
me
80%
slow
80%
that
80%
what
80%
year
80%
But
78%
but
78%
don't
78%
moving
78%
on
78%
time
78%
Been
75%
been
75%
help
75%
myself?
75%
bad
73%
else
73%
for
73%
idea
73%
they
73%
you're
73%
most
71%
gone
67%
heavy?
67%
might
67%
no
67%
Then
65%
drinks,
64%
February
64%
few
64%
when
64%
alone
62%
are
62%
dear
62%
here
62%
thought
62%
while,
62%
While
62%
hit
60%
inside
60%
life
60%
bar,
58%
bit
58%
cards
58%
friend
58%
back
56%
hard,
56%
little
56%
pictured
56%
think
56%
different
55%
different,
55%
somewhere
55%
Dealing
53%
ready
53%
song
53%
dealt
51%
home
51%
own
51%
these
51%
friends
49%
one
49%
reminds
49%
tears
49%
come
45%
feel
45%
now
45%
only
45%
goes
44%
holding
44%
again
42%
can't
42%
more
42%
room
42%
soon
42%
you'll
42%
everyone
40%
than
40%
that's
40%
could
38%
blue
36%
throat
36%
truth
36%
already
35%
lump
35%
missing
35%
month
35%
right
35%
same,
35%
form
33%
get
33%
colours
31%
Delusion
31%
lost
31%
pretend
31%
step
31%
unfolds,
29%
brings
27%
nothing's
27%
Everything
27%
guess
27%
word
25%
changes,
24%
They're
24%
they're
24%
floor
22%
except
20%
cleaning
16%
shutting
15%
hole,
13%
No matching quizzes found
Score Distribution
Percent of People with Each Score
Percentile by Number Answered
Your Score History
You have not taken this quiz